Stanisław Trawkowski (9 October 1920 - 24 November 2008)

Titel: Stanisław Trawkowski (9 October 1920 - 24 November 2008)
Verfasser:
In: Acta Poloniae historica, Band 100 (2009), Seite 317-319
alle Artikel anzeigen
Veröffentlicht: 2009
Format: Aufsatz
Sprache: Polnisch
Schlagworte:
Kein Bild verfügbar
X
alg: 39412254
001A    $01999:12-11-16 
001B    $03025:09-02-26 $t12:25:12.000 
001C    $06050:19-11-16 $t08:54:29.000 
001D    $01999:12-11-16 
001U    $0utf8 
001X    $00 
002@    $0Aox 
003@    $0394122542 
006N    $000002476 
007A    $0394122542 $aHEB 
007D    $asw100306 
007I    $0swets152017039 
007T    $0Herdkk00024405 
010@    $apol 
011@    $a2009 
021A    $aStanisław Trawkowski (9 October 1920 - 24 November 2008) 
028A    $7124387020 $8Bylina, Stanisław$Z1936-2017 [Tp1] $9109325230 
031A    $d100 $h317-319 $j2009 
039B    $aIn $8--Abvc--. Acta Poloniae historica. - Warszawa : Semper, 1958-. - ISSN 0001-6829 $x200900001000000683 $904731401X 
044K    $#Trawkowski, St. $#Trawkowski, Stanislaw $71066336687 $8Trawkowski, Stanisław$Z1920-2008 [Tp3] $9354441701 
045F    $a929.09438 $eDDC23BSB 
045F/01 $a929 
045F/03 $g438 
045T    $a7,41 

lok: 39412254 78

exp: 39412254 78 1 #EPN
201B/01 $018-11-16 $t10:40:45.000 
201U/01 $0utf8 
203@/01 $0790233053 
208@/01 $a12-11-16 $be 
209A/01 $a/ $f000 $x00 
220C/01 $aTitelaufnehmer: pbb 
220C/01 $aHerkunft: PBB/IH PAN 
220C/01 $aAnmerkung: *uA 
244Z/01 $2Trx $#Poola $#Lenkija $#Polija $#Polen Land $#Poland $#Lengyelország $#Poľsko $#Polsko $8--Trx--Polska$gkraj $x01 $9391345966 
244Z/01 $aGeschichte 1920-2008 $x02 
244Z/01 $2Trx $8--Trx--Trawkowski, Stanisław$Z1920-2008 $x03 $9390786977 
244Z/01 $2Trx $#ajaloolased $#istorikai $#historians $#történészek $#historycy $#historici $#historici $8--Trx--Historiker $x04 $9391373544 
244Z/01 $2Trx $8--Trx--Zeitschriftenaufsatz $x05 $9391384341 
244Z/01 $2Trx $#biograafiad $#biografijos $#biography $#életrajzok $#biografia $#biografie $#biografie $8--Trx--Biographie $x06 $9391352938 
245Z/01 $a12.03 $x01 
247C/01 $82080>Marburg/Lahn, Herder-Institut, Forschungsbibliothek, Bibliographieportal $9336309341
LEADER 00000caa a22000002c 4500
001 394122542
003 DE-603
005 20260209122512.0
007 tu
008 161112s2009 xx |||| | u00||u|pol c
035 |a (DE-599)HEB394122542 
035 |a (NL-LiSWE)00002476 
040 |a DE-603  |b ger  |c DE-603  |d DE-603 
041 |a pol 
082 0 4 |8 1\u  |a 929.09438  |q DE-101  |2 23/BSB 
084 |a 7,41  |2 ssgn 
085 |8 1\u  |b 929 
085 |8 1\u  |z 2  |s 438 
100 1 |a Bylina, Stanisław  |d 1936-2017  |0 (DE-603)109325230  |0 (DE-588)124387020  |2 gnd 
245 0 0 |a Stanisław Trawkowski (9 October 1920 - 24 November 2008) 
264 0 |c 2009 
600 1 7 |a Trawkowski, Stanisław  |d 1920-2008  |0 (DE-588)1066336687  |0 (DE-603)354441701  |2 gnd 
773 0 8 |i In  |t Acta Poloniae historica  |d Warszawa : Semper, 1958-  |x 0001-6829  |g Band 100 (2009), Seite 317-319  |w (DE-603)04731401X  |w (DE-600)210398-9 
924 0 |9 2080  |a (DE-603)790233053  |b DE-2080  |c HES  |d d  |g /